|
|
|
|
| LEADER |
00000naa2a2200000 4500 |
| 001 |
152384 |
| 005 |
20240207092505.0 |
| 035 |
|
|
|a (RuTPU)RU\TPU\book\165214
|
| 035 |
|
|
|a RU\TPU\tpu\15406
|
| 090 |
|
|
|a 152384
|
| 100 |
|
|
|a 20090130d1970 k y0rusy50 ca
|
| 101 |
0 |
|
|a rus
|
| 102 |
|
|
|a RU
|
| 200 |
1 |
|
|a Исследование диопсидовой керамики на основе тремолита
|f П. Г. Усов, З. С. Коновалова, В. И. Верещагин
|
| 463 |
|
0 |
|0 (RuTPU)RU\TPU\book\160473
|t Неорганические диэлектрики
|o 13-я научно-техническая конференция, посвященная 75-летию со дня изобретения радио, 14-17 апреля 1970 г. г. Новосибирск
|o материалы конференции
|f Новосибирское областное правление научно-технического общества радиотехники, электроники и связи им. А. С. Попова; под ред. Г. И. Бердова
|v С. 20-22
|d 1970
|p 57 с.
|
| 610 |
1 |
|
|a труды учёных ТПУ
|
| 700 |
|
1 |
|a Усов
|b П. Г.
|c химик
|c профессор Томского политехнического института, доктор технических наук
|f 1905-1977
|g Петр Григорьевич
|3 (RuTPU)RU\TPU\pers\7821
|
| 701 |
|
1 |
|a Коновалова
|b З. С.
|
| 701 |
|
1 |
|a Верещагин
|b В. И.
|c химик-технолог
|c профессор Томского политехнического университета, доктор технических наук
|f 1942-
|g Владимир Иванович
|3 (RuTPU)RU\TPU\pers\19774
|9 7712
|
| 801 |
|
1 |
|a RU
|b 63413507
|c 20081201
|g PSBO
|
| 801 |
|
2 |
|a RU
|b 63413507
|c 20171107
|g PSBO
|
| 942 |
|
|
|c BK
|